Zur Theologie der Welt /

Сохранить в:
Библиографические подробности
Главный автор: Metz, Johann Baptist (autor)
Формат:
Язык:German
Опубликовано: Munich, Alemania : Matthias-Grünewald, 1968, c1968
Предметы:
Метки: Добавить метку
Нет меток, Требуется 1-ая метка записи!

MARC

LEADER 00000nam^a2200000^a^4500
001 000261154
005 20250521000000.0
009 20260310110501.809
025 |a Donación Jesús Vergara Aceves, 1 ejemplar 
037 |a Acervo Xavier Clavigero 
041 |a ALE 
082 |a 230.  |b MET 
100 |a Metz, Johann Baptist  |e (autor) 
240 1 1 |a [Teología del mundo] 
245 1 0 |a Zur Theologie der Welt /  |c J.B. Metz. 
264 4 |a Munich, Alemania :  |b Matthias-Grünewald,  |c 1968, c1968 
300 |a 147 p. 
336 |a texto  |b txt  |2 rdacontenido 
337 |a sin mediación  |b n  |2 rdamedio 
338 |a volumen  |b nc  |2 rdasoporte 
649 |a XX 
650 |a Fe 
650 |a Escatología (Filosofía) 
650 |a Metafísica 
650 |a Teología Social 
650 |a Teología -  |x Tema Principal 
650 |a Iglesia Católica 
650 |a Catolicismo 
650 |a Cristianismo y Política 
650 |a Cristianismo y Sociedad 
650 |a Religión 
910 |a Fondo Jesús Vergara Aceves S.J. 
920 |a Impresos - Libros 
930 |a Fondos Especiales 
905 |a 119 
901 |a 0500134493  |b IT2  |c ESP  |i D  |u 20250521 
902 |a https://opac.biblio.iteso.mx/vufind/Record/000261154